Dòng sông cuộc đời Tập thơ

Đã lưu trong:
書目詳細資料
主要作者: Bảo Định Giang
格式: 圖書
出版: Tiền Giang Văn hóa nghệ thuật Tiền Giang 1986
主題:
標簽: 添加標簽
沒有標簽, 成為第一個標記此記錄!
Thư viện lưu trữ: Trung tâm Học liệu Lê Vũ Hùng, Trường Đại học Đồng Tháp
LEADER 00740pam a22002178a 4500
001 00020029
005 20171026081023.0
008 110509s1986 ||||||Viesd
041 0 # |a Vie 
082 1 4 |a 895.922 134  |b D431S 
100 0 # |a Bảo Định Giang 
245 0 0 |a Dòng sông cuộc đời  |b Tập thơ 
260 # # |a Tiền Giang  |b Văn hóa nghệ thuật Tiền Giang  |c 1986 
300 # # |a 121 tr.  |c 19 cm. 
653 # # |a Thơ Việt Nam 
653 # # |a Tập thơ 
852 # # |b Kho mượn  |j KM.0011418, KM.0011419 
852 # # |b Kho đọc  |j KD.0004121 
852 # # |j KM.0011419  |j KD.0004121  |j KM.0011418 
910 |d 09/05/2011 
980 # # |a Trung tâm Học liệu Lê Vũ Hùng, Trường Đại học Đồng Tháp